00293pab a2200121 454500008004000000100001900040245004100059260000900100300001100109362001200120650001900132773002000151180718b1995 xxu||||| |||| 00| 0 eng d aShukla, Shashi aThe second generation United Nations c1995 ap.1-10 aOct-Dec aUnited Nations aIndia Quarterly